Sports Quiz

Random Sports Quiz

Chelsea, Fulham or QPR Quiz Stats

 Plays Quiz not verified by Sporcle

Challenge
Share
Tweet
Embed
Score 0/9 Timer 10:00
1 Play Today
Season Team % Correct
2011-12???
81.9%
1974-75???
65.3%
1970-71???
62.7%
1979-80???
49.6%
1978-79???
46.9%
1982-83???
44.8%
1987-88???
44.8%
1962-63???
43.7%
1994-95???
42.9%

You're not logged in!

Compare scores with friends on all Sporcle quizzes.
Join for Free
OR
Log In

You Might Also Like...

Show Comments

Extras

Top Quizzes Today


Score Distribution

Your Account Isn't Verified!

In order to create a playlist on Sporcle, you need to verify the email address you used during registration. Go to your Sporcle Settings to finish the process.

Report this User

Report this user for behavior that violates our Community Guidelines.

Details: